7 Państw najbliższych Polsce - Statystyki

Ogólne statystyki
  • Ten quiz został rozwiązany 30 razy
  • Średni wynik to 6 z 7
Statystyki odpowiedzi
Kraj Odległośc % Poprawnych
Łotwa 210 km
100%
Węgry 79 km
93%
Austria 168 km
89%
Dania 104 km
86%
Szwecja 187 km
82%
Rumunia 100 km
75%
Mołdawia 285 km
68%
Nie znaleziono quizów pasujących do podanych kryteriów
Rozkład punktacji
Procent ludzi z każdym wynikiem
Percentyl według liczby udzielonych odpowiedzi
Twoja historia wyników
Nie rozwiązałeś tego quizu